[Event "Senica op 6th"]
[Site "Senica"]
[Date "2014.08.29"]
[Round "4"]
[White "Sosovicka, Jakub"]
[Black "Svec, Jakub"]
[Result "1-0"]
[WhiteElo "1740"]
[BlackElo "1385"]
[PlyCount "53"]
[EventDate "2014.08.27"]
[EventType "swiss"]
[EventRounds "7"]
[EventCountry "SVK"]
[SourceTitle "EXT 2016"]
[Source "ChessBase"]
[SourceDate "2015.10.08"]
[SourceVersion "1"]
[SourceVersionDate "2015.10.08"]
[SourceQuality "1"]

1. e4 c5 2. Nf3 Nc6 3. d4 cxd4 4. Nxd4 Nf6 5. Nc3 e5 6. Ndb5 d6 7. Bg5 a6 8. Na3 b5 9. Nd5 Be7 10. Bxf6 Bxf6 11. c3 0-0 12. Nc2 Bg5 13. a4 bxa4 14. Rxa4 f5 15. exf5 Rxf5 16. Nde3 Rf6 17. Ng4 Bxg4 18. Rxg4 Qb6 19. Qd5+ Kh8 20. Rxg5 Rxf2 21. Bd3 Raf8 22. Rh5 h6 23. Qe4 Kg8 24. Rxh6 Qxb2 25. Rh8+ Kf7 26. Rxf8+ Kxf8 27. Kxf2 1-0

[Event "Senica op 6th"]
[Site "Senica"]
[Date "2014.08.27"]
[Round "1"]
[White "Svec, Jakub"]
[Black "Skapik, Branislav"]
[Result "0-1"]
[WhiteElo "1385"]
[BlackElo "1841"]
[PlyCount "100"]
[EventDate "2014.08.27"]
[EventType "swiss"]
[EventRounds "7"]
[EventCountry "SVK"]
[SourceTitle "EXT 2016"]
[Source "ChessBase"]
[SourceDate "2015.10.08"]
[SourceVersion "1"]
[SourceVersionDate "2015.10.08"]
[SourceQuality "1"]

1. e4 d5 2. exd5 Nf6 3. d4 Nxd5 4. Nf3 e6 5. Be2 Be7 6. 0-0 0-0 7. Nbd2 b6 8. Ne4 Nd7 9. c3 Bb7 10. Qc2 N5f6 11. Ng3 c5 12. Be3 cxd4 13. Bxd4 Bc5 14. Rad1 Qe7 15. Rfe1 Bxd4 16. Nxd4 Nc5 17. Bd3 Nxd3 18. Qxd3 Qc7 19. Qe3 Nd5 20. Qg5 h6 21. Qg4 Nf6 22. Qe2 Rad8 23. Nb5 Qc6 24. f3 Qc5+ 25. Kh1 Ba6 26. c4 Bxb5 27. cxb5 Rd5 28. Rxd5 Qxd5 29. b4 Rd8 30. Nf1 Qd4 31. Rc1 Nd5 32. Rd1 Qxb4 33. Ne3 Rc8 34. Nxd5 exd5 35. Qd3 Qc4 36. Qxc4 Rxc4 37. Kg1 Rc5 38. a4 Kf8 39. Kf2 Ke7 40. Ke3 Kd6 41. Rd2 Rc4 42. Ra2 f5 43. f4 Kc5 44. g3 d4+ 45. Kd3 Rc3+ 46. Kd2 Kc4 47. Ra1 d3 48. Re1 Rc2+ 49. Kd1 Re2 50. Rf1 Rxh2 0-1

[Event "Bratislava Rintel Memorial 41st"]
[Site "Bratislava"]
[Date "2014.08.25"]
[Round "9"]
[White "Svec, Jakub"]
[Black "Lintner, Igor"]
[Result "0-1"]
[WhiteElo "1385"]
[BlackElo "1860"]
[PlyCount "118"]
[EventDate "2014.08.22"]
[EventType "swiss"]
[EventRounds "9"]
[EventCountry "SVK"]
[SourceTitle "EXT 2023"]
[Source "ChessBase"]
[SourceDate "2022.10.05"]
[SourceVersion "1"]
[SourceVersionDate "2022.10.05"]
[SourceQuality "1"]

1. e4 c5 2. Nf3 Nc6 3. d4 cxd4 4. Nxd4 Qb6 5. Nf3 Nf6 6. Nc3 e6 7. Bd3 Be7 8. 0-0 0-0 9. Ne2 d6 10. c3 e5 11. h3 Be6 12. Qc2 h6 13. Be3 Qc7 14. Ng3 d5 15. exd5 Nxd5 16. Bd2 Qc8 17. Bf5 Bd6 18. Qe4 Nde7 19. Nh4 g5 20. Bxe6 Qxe6 21. Nhf5 Nxf5 22. Qxf5 Rfe8 23. Qxe6 Rxe6 24. Nf5 Ne7 25. Nxd6 Rxd6 26. Be3 b6 27. Rad1 Rad8 28. Rc1 f5 29. f3 Nd5 30. Rfe1 Kf7 31. a3 Kf6 32. c4 Nxe3 33. Rxe3 Rd1+ 34. Rxd1 Rxd1+ 35. Kf2 Rb1 36. b4 Rc1 37. Rd3 Ke6 38. Rd8 Rxc4 39. Ra8 Rc2+ 40. Kf1 e4 41. fxe4 fxe4 42. Rxa7 Ke5 43. Ra6 Rc6 44. Ke2 Kd4 45. Ra8 Rc2+ 46. Kf1 Ke3 47. Kg1 Ke2 48. Rb8 e3 49. Rxb6 Kd1 50. Rd6+ Rd2 51. Re6 e2 52. b5 e1Q+ 53. Rxe1+ Kxe1 54. Kh2 Ra2 55. Kg3 Rxa3+ 56. Kg4 Rb3 57. Kh5 Rxb5 58. Kxh6 Kf2 59. g4 Kg3 0-1